[Event "Torghatten GP-A"]
[Site "Bronnoysund"]
[Date "2004.03.14"]
[Round "4"]
[White "Aabid, Ryaad"]
[Black "Dahl, Torbjorn"]
[Result "0-1"]
[WhiteElo "1442"]
[BlackElo "1540"]
[PlyCount "58"]
[EventDate "2004.03.13"]
[EventType "swiss"]
[EventRounds "5"]
[EventCountry "NOR"]
[SourceTitle "EXT 2006"]
[Source "ChessBase"]
[SourceDate "2005.11.24"]
[SourceVersion "1"]
[SourceVersionDate "2005.11.24"]
[SourceQuality "1"]

1. e4 c6 2. f4 d5 3. e5 Bf5 4. Nf3 e6 5. c3 Bc5 6. d4 Bb6 7. h4 Bg4 8. Bd3 Ne7 9. Be3 Nf5 10. Bf2 Nd7 11. Nbd2 c5 12. Qa4 cxd4 13. cxd4 Nh6 14. Rc1 Rc8 15. Ke2 Rxc1 16. Rxc1 0-0 17. Nf1 Bxf3+ 18. Kxf3 f6 19. exf6 Qxf6 20. Be3 Nb8 21. g3 Nc6 22. Rxc6 bxc6 23. Qxc6 Nf5 24. Bxf5 Qxf5 25. Qc3 Qb1 26. Bc1 Qe4+ 27. Kg4 Qe2+ 28. Kh3 Qxf1+ 29. Kh2 Qf2+ 0-1